Statistics for The Only Remaining European Country . . .

Click here to take the quiz!

General Stats

  • This quiz has been taken 5,064 times
    (4,889 since last reset)
  • The average score is 33 of 45

Answers on the Map

Answers color-coded by a green-red scale on the quiz's map according to % correct below.
Loading ...
 

Answer Stats

The only country . . .Country% Correct
To average more than 1 pope / square kmVatican City
99%
To touch both the North Sea and the MediterraneanFrance
96%
To have a megacity (population > 10,000,000)Russia
96%
To have an operating steam-powered railway in 1825United Kingdom
95%
To have more than 25,000 km of coastlineNorway
92%
To touch the Arctic CircleFinland
91%
To have a flag that is entirely blue and yellowSweden
90%
To be an island countryMalta
90%
To be larger than Yemen (~550,000 square km)Ukraine
89%
To win the FIFA World CupGermany
89%
To be the site of one of the Seven Wonders of the Ancient WorldGreece
88%
To touch the Prime MeridianSpain
88%
To enter the Renaissance in the 1300sItaly
88%
To be connected by road or rail to a country it doesn't have a land border withDenmark
86%
To have a population larger than Ghana (~30,000,000)Poland
84%
To have a name that ends in "-land"Switzerland
81%
To have a population density less than 10 people / square kmIceland
81%
To have more than 2 Nobel Laureates in literatureIreland
79%
To win more than 100 Winter Olympic medalsAustria
78%
To be smaller than Barbados (~400 square km)Monaco
76%
To host a Summer OlympicsBelgium
75%
To be a republic since 1600San Marino
75%
To produce more than 600,000 liters of wine per yearPortugal
73%
To touch the AlpsSlovenia
72%
To touch the Baltic SeaLatvia
72%
To share an inhabited island with another countryNetherlands
71%
To use only one of the 5 vowels in its nameKosovo
70%
To have a Germanic language as the primary languageLiechtenstein
70%
To have a border with Russia to the westLithuania
70%
To not have red on their flagEstonia
69%
To have a monarchyAndorra
64%
To host the OlympicsBosnia and Herzegovina
64%
To have a non-Indo-European language as the primary languageHungary
63%
To touch the Mediterranean SeaCroatia
63%
To have a Romance language as the primary languageRomania
62%
To have multiple Eurovision winsLuxembourg
59%
To have a smaller population than Honolulu (~1,000,000)Montenegro
58%
To have an alpha cityCzech Republic
57%
To have participated in the Olympics but never won a medalAlbania
55%
To touch the DanubeSerbia
54%
To win more than 150 Olympic medalsBulgaria
52%
To have a city with a population of over 1,000,000Belarus
49%
To have a mammal on the flagMoldova
48%
To be among the top 50 in the world in Human Development IndexSlovakia
48%
To be in EuropeNorth Macedonia
45%

Score Distribution

Percentile by Number Answered

Percent of People with Each Score

Your Score History

You have not taken this quiz since the last reset